FC Bayern München Squad 2023-2024 - Statistics

General Stats
  • This quiz has been taken 734 times
    477 since last reset
  • The average score is 21 of 28
Answer Stats
# Position Nation Player % Correct
1 GK Germany Manuel Neuer
100%
3 DF South Korea Min-jae Kim
98%
9 FW England Harry Kane
97%
6 MF Germany Joshua Kimmich
95%
10 FW Germany Leroy Sané
95%
19 DF Canada Alphonso Davies
92%
2 DF France Dayot Upamecano
92%
11 FW France Kingsley Coman
92%
4 DF Netherlands Matthijs de Ligt
92%
7 FW Germany Serge Gnabry
92%
8 MF Germany Leon Goretzka
90%
25 FW Germany Thomas Müller
85%
15 DF England Eric Dier
84%
27 MF Austria Konrad Laimer
80%
13 FW Cameroon Eric Maxim Choupo-Moting
79%
42 MF Germany Jamal Musiala
79%
- Coach Germany Thomas Tuchel
79%
26 GK Germany Sven Ulreich
78%
39 FW France Mathys Tel
74%
40 DF Morocco Noussair Mazraoui
73%
22 DF Portugal Raphaël Guerreiro
70%
20 DF Senegal Bouna Sarr
64%
45 MF Germany Aleksandar Pavlović
58%
18 GK Israel Daniel Peretz
53%
17 FW Spain Bryan Zaragoza
49%
23 DF France Sacha Boey
49%
28 DF Germany Tarek Buchmann
24%
43 GK Germany Tom Hülsmann
14%
No matching quizzes found
Score Distribution
Percent of People with Each Score
Percentile by Number Answered
Your Score History
You have not taken this quiz since the last reset